See inside an oil rig and tanker / (Record no. 8957)

MARC details
000 -LEADER
fixed length control field 01310nam a2200397 i 4500
001 - CONTROL NUMBER
control field 8957
003 - CONTROL NUMBER IDENTIFIER
control field FISKH
005 - DATE AND TIME OF LATEST TRANSACTION
control field 20251111111710.0
008 - FIXED-LENGTH DATA ELEMENTS--GENERAL INFORMATION
fixed length control field 791023s1978 nyuaf j 001 0 eng
010 ## - LIBRARY OF CONGRESS CONTROL NUMBER
LC control number 78066167
020 ## - INTERNATIONAL STANDARD BOOK NUMBER
International Standard Book Number 053109135X
020 ## - INTERNATIONAL STANDARD BOOK NUMBER
International Standard Book Number 053109121X
Qualifying information lib. bdg.
035 ## - SYSTEM CONTROL NUMBER
System control number 2739244
040 ## - CATALOGING SOURCE
Original cataloging agency DLC
Transcribing agency DLC
Modifying agency DLC
Language of cataloging eng
050 00 - LIBRARY OF CONGRESS CALL NUMBER
Classification number TN870.3
Item number .R87
082 00 - DEWEY DECIMAL CLASSIFICATION NUMBER
Classification number 622/.33/82
100 1# - MAIN ENTRY--PERSONAL NAME
Personal name Rutland, Jonathan.
245 10 - TITLE STATEMENT
Title See inside an oil rig and tanker /
Statement of responsibility, etc. Author: Jonathan Rutland ; Illustrations : Doug Harker
260 ## - PUBLICATION, DISTRIBUTION, ETC.
Place of publication, distribution, etc. New York :
Name of publisher, distributor, etc. Warwick Press,
Date of publication, distribution, etc. 1978.
300 ## - PHYSICAL DESCRIPTION
Extent 29 pages :
Other physical details color illustrations ;
Dimensions 29 cm
490 0# - SERIES STATEMENT
Series statement See inside
500 ## - GENERAL NOTE
General note Includes index.
520 ## - SUMMARY, ETC.
Summary, etc. Text and illustrations describe the physical layout, operations, and personnel of a drilling platform or oil rig, production platform, and oil tanker.
650 #0 - SUBJECT ADDED ENTRY--TOPICAL TERM
Topical term or geographic name entry element Drilling platforms
General subdivision Juvenile literature.
650 #0 - SUBJECT ADDED ENTRY--TOPICAL TERM
Topical term or geographic name entry element Tankers
General subdivision Juvenile literature.
650 #0 - SUBJECT ADDED ENTRY--TOPICAL TERM
Topical term or geographic name entry element Petroleum
General subdivision Juvenile literature.
650 #1 - SUBJECT ADDED ENTRY--TOPICAL TERM
Topical term or geographic name entry element Drilling platforms.
650 #1 - SUBJECT ADDED ENTRY--TOPICAL TERM
Topical term or geographic name entry element Tankers.
650 #1 - SUBJECT ADDED ENTRY--TOPICAL TERM
Topical term or geographic name entry element Ships.
650 #1 - SUBJECT ADDED ENTRY--TOPICAL TERM
Topical term or geographic name entry element Petroleum.
700 1# - ADDED ENTRY--PERSONAL NAME
Personal name Townsend, Anita.
Relator term Editor
700 1# - ADDED ENTRY--PERSONAL NAME
Personal name Harker, Doug.
Relator term illustrator
906 ## - LOCAL DATA ELEMENT F, LDF (RLIN)
a 7
b cbc
c orignew
d 2
e opcn
f 19
g y-gencatlg
942 ## - ADDED ENTRY ELEMENTS (KOHA)
Source of classification or shelving scheme Dewey Decimal Classification
Koha item type Books
Suppress in OPAC No
Holdings
Withdrawn status Lost status Source of classification or shelving scheme Damaged status Not for loan Collection Home library Current library Shelving location Date acquired Total Checkouts Full call number Barcode Date last seen Copy number Price effective from Koha item type
    Dewey Decimal Classification     Non-Fiction Footprints International School Library Network Toul Tom Poung Campus Footprints International School Library Network Toul Tom Poung Campus TTP Secondary Non-Fiction Bookshelves 11/11/2025   RUT 622.33 TN870.3 FIS01279 11/11/2025 1 11/11/2025 Books